000 01802cam a2200337 i 4500
001 768714001
003 CO-MdFUSB
005 20250507130423.0
007 ta
008 230614t1997 -us||||| |||| 00| | spa d
020 _a0-311-42100
_q8
040 _bspa.
_aCO-MdFUSB
_cCO-MdFUSB
_dCO-MdFUSBC
_erda
041 _aspa
082 0 4 _223
_a241.641
_bT8669e
100 1 _aTrull, Joe E.
_eautor
240 _aMinisterial ethics, being a good minister in a not-so good world
245 1 0 _aÉtica ministerial :
_bsea un buen ministro en un mundo que no es tan bueno
_c/ Joe E. Trull , James E. Carter ; traducido por Edna Lee de Gutiérrez
264 1 _aEl Paso, TX., USA :
_bCasa Bautista de Publicaciones,
_c[1997]
264 4 _c© 1997
300 _a288 páginas
_c; 21 cm
336 _atexto
_btxt
_2rdacontent
337 _2rdamedia
_asin mediación
_bn
338 _2rdacarrier
_avolumen
_bnc
505 _a- La vocación del ministro: ¿carrera o profesión? - Las opciones morales del ministro: ¿naturales o adquiridas? - La vida personal del ministro: ¿incidental o intencional? - La congregación del ministro ¿amiga o enemiga? - Los colegas del ministro ¿cooperación o competencia? - La comunidad del ministro ¿amenaza u oportunidad? - Un código de ética ministerial ¿ayuda o estorbo? - Apéndices: Primeros códigos denominacionales - Códigos denominacionales contemporáneos - Códigos ministeriales y de grupos paraeclesiásticos - Muestra de códigos éticos: del pastor o ministro principal, del ministro asociado, del consejero pastoral, del capellán militar
563 _aRustico
650 7 _aÉtica cristiana
_9185
700 _98333
_aDe Gutiérrez, Edna Lee
_eautor
700 _98332
_a Carter, James E.
_etraductor
942 _cBK
945 _aMag1104
999 _c35423
_d35423